| 000 | 00524nam a22001577a 4500 | ||
|---|---|---|---|
| 082 |
_a621.11 _bARS |
||
| 100 |
_aArshad, Nimra (401176) _9132381 |
||
| 245 | _aSynthesis and Electrochemical Testing of Polymerized Zn–Ni Bimetallic Doped ZIF-Derived Carbon as Electrode for Supercapacitors / | ||
| 264 |
_aIslamabad : _bUSPCAS-E, NUST _coctober, 2025 |
||
| 300 |
_axv, 68 p. _e+CD |
||
| 520 | _aTH-691 | ||
| 650 | _aMS ESE Thesis | ||
| 650 |
_aMS Thesis _918721 |
||
| 700 | _aSupervisor: Dr. Ghulam Ali | ||
| 942 |
_2ddc _cTHE |
||
| 999 |
_c615590 _d615590 |
||